|
|
|
|
| LEADER |
00000cam a2200000 7i4500 |
| 001 |
0000000991 |
| 005 |
20220105103917.0 |
| 008 |
070703 |
| 020 |
|
|
|a 9830412407
|
| 090 |
0 |
0 |
|a JP
|b PR MAL (1129)
|
| 245 |
0 |
0 |
|a Perlumbaan
|
| 260 |
|
|
|a Kuala Lumpur :
|b Penerbitan Hasrat Pelajar ,
|c 2002
|
| 440 |
|
0 |
|a Kisah Si Kura-kura
|
| 500 |
|
|
|a Children age 4-6 years old (yellow)
|
| 650 |
|
0 |
|a Malay fiction
|
| 999 |
|
|
|a 0000766926
|b Book
|c Children Collection
|e Cawangan Bandar Penawar
|
| 999 |
|
|
|a 0000766927
|b Book
|c Children Collection
|e Cawangan Bandar Penawar
|
| 999 |
|
|
|a 0000773243
|b Book
|c Children Collection
|e Cawangan Pontian
|
| 999 |
|
|
|a 0000786869
|b Book
|c Children Collection
|e Cawangan Segamat
|
| 999 |
|
|
|a 0000889935
|b Book
|c Children Collection
|e Cawangan Bandar Penawar
|
| 999 |
|
|
|a 0000889937
|b Book
|c Children Collection
|e Cawangan Segamat
|
| 999 |
|
|
|a 0000900716
|b Book
|c Children Collection
|e Cawangan Segamat
|
| 999 |
|
|
|a 0000900717
|b Book
|c Children Collection
|e Cawangan Segamat
|
| 999 |
|
|
|a 0000956918
|b Book
|c Children Collection
|e Perbadanan Perpustakaan Awam Johor
|
| 999 |
|
|
|a 0000956920
|b Book
|c Children Collection
|e Perbadanan Perpustakaan Awam Johor
|
| 999 |
|
|
|a 0001151651
|b Book
|c Children Collection
|e Cawangan Pontian
|
| 999 |
|
|
|a 0001151654
|b Book
|c Children Collection
|e Cawangan Taman Universiti
|